Engineering mechanics. (Record no. 554044)

000 -LEADER
fixed length control field 00697cam a22002177i 4500
020 ## - INTERNATIONAL STANDARD BOOK NUMBER
International Standard Book Number 0133915425
020 ## - INTERNATIONAL STANDARD BOOK NUMBER
International Standard Book Number 978-93-325-8474-7
082 ## - DEWEY DECIMAL CLASSIFICATION NUMBER
Classification number 620.1
Author Mark HIB
100 1# - MAIN ENTRY--PERSONAL NAME
Personal name Hibbeler, R. C.,
9 (RLIN) 1019
245 10 - TITLE STATEMENT
Title Engineering mechanics.
Statement of responsibility, etc. R.C. Hibbeler.
Remainder of title Statistics and Dynamics
250 ## - EDITION STATEMENT
Edition statement Fourteenth edition.
260 ## - PUBLICATION, DISTRIBUTION, ETC.
Place of publication, distribution, etc. India,
Name of publisher, distributor, etc. Pearson,
Date of publication, distribution, etc. 2016.
300 ## - PHYSICAL DESCRIPTION
Extent xxiii, 760 pages :
Other physical details illustrations (some color) ;
Dimensions 25 cm
500 ## - GENERAL NOTE
General note Includes index.
526 ## - STUDY PROGRAM INFORMATION NOTE
Program name 0
Interest level 0
Reading level 0
Title point value 620_100000000000000_HIB
526 ## - STUDY PROGRAM INFORMATION NOTE
Program name 0
Interest level 0
Reading level 0
Title point value 620_100000000000000_HIB
526 ## - STUDY PROGRAM INFORMATION NOTE
Program name 0
Interest level 0
Reading level 0
Title point value 620_100000000000000_HIB
650 #0 - SUBJECT ADDED ENTRY--TOPICAL TERM
Topical term or geographic name entry element Mechanical engineering
650 #0 - SUBJECT ADDED ENTRY--TOPICAL TERM
Topical term or geographic name entry element Mechanics, Applied
9 (RLIN) 13090
942 ## - ADDED ENTRY ELEMENTS (KOHA)
Source of classification or shelving scheme
Koha item type Book
Holdings
Withdrawn status Lost status Source of classification or shelving scheme Damaged status Not for loan Permanent Location Current Location Date acquired Total Checkouts Full call number Barcode Date last seen Date last checked out Price effective from Koha item type Total Renewals
          Military College of Engineering (MCE) Military College of Engineering (MCE) 02/22/2018 2 620.1 HIB MCE-50569 09/30/2019 09/26/2018 02/22/2018 Book  
          Military College of Engineering (MCE) Military College of Engineering (MCE) 02/22/2018 7 620.1 HIB MCE-50570 11/12/2020 11/12/2020 02/22/2018 Book 4
          Military College of Engineering (MCE) Military College of Engineering (MCE) 02/22/2018 4 620.1 HIB MCE-50568 10/19/2020 02/19/2020 02/22/2018 Book 2
© 2023 Central Library, National University of Sciences and Technology. All Rights Reserved.